Petrofitting of existing buildings and bridges columns using frp (fiber reinforced polymer) sheets (Record no. 551178)

000 -LEADER
fixed length control field 00460nam a22001457a 4500
082 ## - DEWEY DECIMAL CLASSIFICATION NUMBER
Classification number P-417
100 ## - MAIN ENTRY--PERSONAL NAME
Personal name CQMS M. Fahim
9 (RLIN) 48159
245 ## - TITLE STATEMENT
Title Petrofitting of existing buildings and bridges columns using frp (fiber reinforced polymer) sheets
Statement of responsibility, etc. CQMS M. Fahim, GC Kewan Gilani
260 ## - PUBLICATION, DISTRIBUTION, ETC.
Place of publication, distribution, etc. Risalpur
Name of publisher, distributor, etc. MCE
Date of publication, distribution, etc. 2009
300 ## - PHYSICAL DESCRIPTION
Extent xiv, 109 p:
526 ## - STUDY PROGRAM INFORMATION NOTE
Program name 0
Interest level 0
Reading level 0
Title point value P_417
650 ## - SUBJECT ADDED ENTRY--TOPICAL TERM
Topical term or geographic name entry element Project
700 ## - ADDED ENTRY--PERSONAL NAME
Personal name Lt Col Dr Muhammad Naseem Baig
9 (RLIN) 48160
942 ## - ADDED ENTRY ELEMENTS (KOHA)
Source of classification or shelving scheme
Koha item type Book
Holdings
Withdrawn status Lost status Source of classification or shelving scheme Damaged status Not for loan Permanent Location Current Location Date acquired Total Checkouts Full call number Barcode Date last seen Price effective from Koha item type Public note
          Military College of Engineering (MCE) Military College of Engineering (MCE) 12/04/2014   P-417 MCE-P-417 12/04/2014 12/04/2014 Book Project
© 2023 Central Library, National University of Sciences and Technology. All Rights Reserved.